| 000 | 00941cam a2200313 a 4500 | ||
|---|---|---|---|
| 001 | 1389328 | ||
| 003 | SISC | ||
| 005 | 20190620131208.0 | ||
| 008 | 821103s1983 enk b 000 1 eng | ||
| 010 | _a 82022324 | ||
| 020 | _a0198314566 | ||
| 040 |
_aDLC _cDLC _dDLC _dOCoLC _dDLC |
||
| 043 | _ae-rm--- | ||
| 050 | 0 | 0 |
_aPR 6037 _b.St921 1999 |
| 082 | 0 | 0 |
_aGS 398.22 _bS67 1997 |
| 100 | 1 |
_aStoker, Bram, _d1847-1912. _913226 |
|
| 245 | 1 | 0 |
_aDracula/ _cBram Stoker. |
| 260 |
_aLondon : _bDorling Kindersley, _cc1997. |
||
| 300 |
_a64 p. : _c26 cm. _bill. ; |
||
| 440 | 4 |
_aThe World's classics _93016 |
|
| 562 | _e1 | ||
| 650 |
_aVampires. _917524 |
||
| 655 | 7 |
_aHorror fiction. _2gsafd _93405 |
|
| 700 | 1 |
_aWilson, A. N., _d1950- _913231 |
|
| 856 | 4 | 2 |
_3Publisher description _uhttp://www.loc.gov/catdir/enhancements/fy0640/82022324-d.html |
| 906 |
_a7 _bcbc _corignew _d1 _eocip _f19 _gy-gencatlg |
||
| 942 |
_2lcc _cBK |
||
| 999 |
_c9325 _d9325 |
||